Kmitanie pružných telies /
Uložené v:
| Hlavný autor: | |
|---|---|
| Médium: | Kniha |
| Jazyk: | Slovak |
| Vydané: |
Bratislava :
Slovenská akadémia vied,
1961
|
| Vydanie: | 1. vyd. |
| ISBN: |
(viaz.) |
| Fyzický popis: |
365 s. |
| Tagy: |
Pridať tag
Žiadne tagy, Buďte prvý kto otaguje tento záznam!
|
Titul je dostupný aj v ... 

MARC
| LEADER | 00000nam a2200000 a 4500 | ||
|---|---|---|---|
| 001 | 000264352 | ||
| 005 | 20060801130431.0 | ||
| 008 | 060801s1961 xo e 000 0 sloo | ||
| 020 | |a (viaz.) | ||
| 040 | |a SVKKK |b slo |c SVKKK |e AACR2 | ||
| 041 | 0 | |a slo | |
| 044 | |a xo |c SK | ||
| 100 | 1 | |a Gonda, Ján |4 aut | |
| 245 | 1 | 0 | |a Kmitanie pružných telies / |c Ján Gonda |
| 250 | |a 1. vyd. | ||
| 260 | |a Bratislava : |b Slovenská akadémia vied, |c 1961 | ||
| 300 | |a 365 s. | ||
| 998 | |a BK | ||
| 090 | |g SCKHL |k Sklad Pribinova 1. posch. |a IV.18147 |j 264932 |i B58275 |s Absenčne | ||
| 090 | |g SCKHL |k Sklad Pribinova 1. posch. |a IV0.284 |j 01273 |i B58276 |s Absenčne | ||